000 00646nam a2200241 i 4500
001 C2-0219711
003 PPAK
005 20180728112106.0
008 990908s1988 enka|||| ||||| | eng d
020 _a1851701575
040 _aPPAK
_beng
_cPPAK
_erda
082 0 4 _a709.04012
_2 23
090 0 0 _a709.04012
_bSEG
_dR
100 1 _aSeguy, E.A,
_eauthor
245 1 0 _aAbstract and Floral Designs
264 1 _aLondon :
_bBracken Books ,
_c1988
300 _bcolour illustrations, plates ;
_c37 cm
336 _2rdacontent
_atext
337 _2rdamedia
_aunmediated
338 _2rdacarrier
_avolume
650 1 0 _aPainting
942 _ddc
_cB
999 _c162269
_d162269